Industrial biotechnology / (Record no. 144861)

MARC details
000 -LEADER
fixed length control field 00873nam a22002177a 4500
005 - DATE AND TIME OF LATEST TRANSACTION
control field 20181124150952.0
010 ## - LCCN (DPL NO)
LC control number 1718EN-30 ENG-121734
020 ## - INTERNATIONAL STANDARD BOOK NUMBER
International Standard Book Number 9788180521416
Terms of availability 995.00
035 ## - SYSTEM CONTROL NUMBER
System control number EN-105266
035 ## - SYSTEM CONTROL NUMBER
System control number B-686877-878
037 ## - SOURCE OF ACQUISITION
Source of stock number/acquisition Ane Books
Stock number dpl
037 ## - SOURCE OF ACQUISITION
Source of stock number/acquisition DBAD/PUB
082 ## - DEWEY DECIMAL CLASSIFICATION NUMBER
Classification number 660.6
100 ## - MAIN ENTRY--PERSONAL NAME
Personal name Mathuriya, Abhilash S.
245 ## - TITLE STATEMENT
Title Industrial biotechnology /
Statement of responsibility, etc by Abhilasha S. Mathuriya
260 ## - PUBLICATION, DISTRIBUTION, ETC. (IMPRINT)
Place of publication, distribution, etc New Delhi
Name of publisher, distributor, etc Ane Books
Date of publication, distribution, etc 2015
270 ## - ADDRESS
Address 4821, Parwana Bhawan, Ist Floor, 24 Ansari Road, Daryaganj,
City New Delhi
Postal code 110002
300 ## - PHYSICAL DESCRIPTION
Extent viii, 356p. :
Dimensions 25cm(Hb)
Other physical details ill
942 ## - ADDED ENTRY ELEMENTS (KOHA)
Source of classification or shelving scheme Dewey Decimal Classification
Item type English Books
Call number suffix MAT
Classification part 660.6
Holdings
Withdrawn status Lost status Not for loan Collection code Home library Current library Date acquired Source of acquisition Cost, normal purchase price Full call number Barcode Copy number Cost, replacement price Koha item type
      Non-fiction Ashok Vihar Ashok Vihar 31/01/2018 Ane/ABPL/17-18/2149/29.11.17/BPPD/EN/17-18/635/21.11.2017/ 6.1.2018 995.00 660.6 MAT B-686878 1 995.00 English Books
    Not For Loan Non-fiction D.B.Act.Division Bawana 05/12/2017 DBAD/PUB 995.00 660.6 MAT EN-105266 1 995.00 English Books
      Non-fiction Central Library Central Library 31/01/2018 Ane/ABPL/17-18/2149/29.11.17/BPPD/EN/17-18/635/21.11.2017/ 6.1.2018 995.00 660.6 MAT B-686877 1 995.00 English Books

© Delhi Public Library
Hit Counter
free hit counter